Mistry v Thakor and another (Record no. 75978)

MARC details
000 -LEADER
fixed length control field 01790cab a2200181 4500
001 - CONTROL NUMBER
control field ##L131174
008 - FIXED-LENGTH DATA ELEMENTS--GENERAL INFORMATION
fixed length control field 051005n2005 000 0 eng u
035 ## - SYSTEM CONTROL NUMBER
System control number (Sirsi) u131174
041 0# - LANGUAGE CODE
Language code of text/sound track or separate title eng
245 00 - TITLE STATEMENT
Title Mistry v Thakor and another
260 ## - PUBLICATION, DISTRIBUTION, ETC.
Date of publication, distribution, etc. 2005
520 ## - SUMMARY, ETC.
Summary, etc. [2005] EWCA Civ 927, 5 July 2005. Appeal against a decision to allow M claim against T and their chartered surveyor R, for damages due to negligence. M was injured by falling concrete cladding from a building owned by T, and managed on behalf of T by R. Although the tenants were responsible for repairs, they were of limited means. M sued T who in turn sought an indemnity from their surveyor R. R had not taken advantage of scaffolding in place to inspect the panels, but had instructed T to employ a building contractor to inspect the works being carried out on the property. T did not act on this advice. R argued that T was unaware of the danger, and as a result he was not liable as well. Both the trial and appeal judges disagreed. "Held:" R should have been aware of the danger, that it was possible to view from ground level the deterioration in the panels. CA agreed that he was 80% liable for the damages, since he was negligent for not identifying the danger. The court ruled that a surveyor was expected to climb scaffolding to carry out an inspection. T were also liable because of R negligence, but also because they did not heed his advice to have the building examined by a building contractor.
590 ## - LOCAL NOTE (RLIN)
Local note IKA111005
650 24 - SUBJECT ADDED ENTRY--TOPICAL TERM
Topical term or geographic name entry element MISTRY V THAKOR AND ANOTHER
690 ## - LOCAL SUBJECT ADDED ENTRY--TOPICAL TERM (OCLC, RLIN)
Topical term or geographic name as entry element MANAGEMENT-BUSINESS MANAGEMENT-PROFESSIONAL PRACTICE-NEGLIGENCE
856 40 - ELECTRONIC LOCATION AND ACCESS
Uniform Resource Identifier <a href="https://www.bailii.org/cgi-bin/markup.cgi?doc=/ew/cases/EWCA/Civ/2005/953.html">https://www.bailii.org/cgi-bin/markup.cgi?doc=/ew/cases/EWCA/Civ/2005/953.html</a>
Public note View the item free of charge at www.bailii.org...
942 ## - ADDED ENTRY ELEMENTS (KOHA)
Suppress in OPAC 0
Holdings
Withdrawn status Lost status Source of classification or shelving scheme Damaged status Not for loan Home library Current library Shelving location Date acquired Total Checkouts Full call number Barcode Date last seen Copy number Price effective from Koha item type
    Dewey Decimal Classification     Virtual Virtual Online 05/10/2005   ONLINE PUBLICATION 131174-2001 06/08/2019 1 06/08/2019 Law report